Âm nhạc và mĩ thuật 8

Gespeichert in:
Bibliographische Detailangaben
Format: Buch
Sprache:Undetermined
Veröffentlicht: Hà Nội Giáo Dục 2006
Schlagworte:
Tags: Tag hinzufügen
Keine Tags, Fügen Sie den ersten Tag hinzu!
Thư viện lưu trữ: Trung tâm Học liệu Trường Đại học Cần Thơ
LEADER 00535nam a2200193Ia 4500
001 CTU_106599
008 210402s9999 xx 000 0 und d
020 |c 9000 
082 |a 780.00712 
082 |b Â120/L8 
245 0 |a Âm nhạc và mĩ thuật 8 
245 0 |c Hoàng Long ... [et al.] 
260 |a Hà Nội 
260 |b Giáo Dục 
260 |c 2006 
650 |a Music 
650 |x Study and teaching 
904 |i Tuyến, Q. Hiếu (sửa) 
980 |a Trung tâm Học liệu Trường Đại học Cần Thơ